000 00335nam a2200145Ia 4500
008 150201s2010 xx 000 0 und d
082 _a621.38195
_bC10T
100 _aTHACKER , NAVEEN
245 _aCOMPUTER FOR NURSES
250 _a1ST
260 _bJAYPEE
_aDELHI
_c2010
300 _a142
650 _aCOMPUTER
942 _2ddc
_cBK
_04
999 _c2097
_d2097